| 000 | 01039cam a2200277 a 4500 | ||
|---|---|---|---|
| 999 |
_c7638 _d7638 |
||
| 003 | OSt | ||
| 005 | 20200317114037.0 | ||
| 008 | 070814s2007 ii b fbs 001 0 eng | ||
| 020 | _z9780195690492 | ||
| 040 |
_aDLC _cDLC _dDLC |
||
| 082 |
_a307.760954 _bSIV |
||
| 100 | 1 |
_aSivaramakrishnan, K. C. _q(Kallidaikurichi Chidambarakrishnan), _d1935-2015. |
|
| 245 | 1 | 0 |
_aHandbook of urbanization in India : _ban analysis of trends and processes / _cK.C. Sivaramakrishnan, Amitabh Kundu, B.N. Singh. |
| 246 | 1 | 4 | _aOxford handbook of urbanization in India |
| 250 | _a2nd ed. | ||
| 260 |
_aNew Delhi ; _aNew York ; _bOxford Univ. Press, _c2007. |
||
| 300 |
_axv, 195 p. : _bmaps ; _c25 cm. |
||
| 440 | 0 | _aOxford India handbooks | |
| 500 | _aIncludes statistical tables. | ||
| 504 | _aIncludes bibliographical references (p. [184]-187) and index. | ||
| 650 | 0 |
_aUrbanization _zIndia _vHandbooks, manuals, etc. |
|
| 650 | 0 |
_aUrbanization _zIndia _vStatistics. |
|
| 700 | 1 |
_aKundu, Amitabh, _d1948- |
|
| 700 | 1 |
_aSingh, B. N., _d1933- |
|
| 942 | _2ddc | ||